Propositions for uniting the two East-India Companies : in a letter to a man of quality, who desir'd the opinion of a gentleman not concern'd in either company.

Bibliographic Details
Main Author: Toland, John, 1670-1722
Format: eBook
Language:English
Series:Eighteenth century collections online.
Online Access:Full text online

MARC

Tag First Indicator Second Indicator Subfields
LEADER 00000cam a2200000 4500
001 in00001872621
006 m | d |
007 cr |n||||||||n
008 800225s1701 enk|||| s 00||||eng d
005 20260414162027.7
035 |a (CStRLIN)ESTCT95844 
040 |a Uk-ES  |c Uk-ES  |d Cu-RivES  |d CStRLIN  |d Thomson Gale  |d UtOrBLW 
100 1 |a Toland, John,  |d 1670-1722. 
245 1 0 |a Propositions for uniting the two East-India Companies :  |b in a letter to a man of quality, who desir'd the opinion of a gentleman not concern'd in either company. 
264 3 |a London :  |b printed for Bernard Lintott,  |c 1701. 
300 |a 2 unnumbered pages, 6, 6-8, 1 unnumbered page ;  |c 4⁰. 
336 |a text  |b txt  |2 rdacontent 
337 |a computer  |b c  |2 rdamedia 
338 |a online resource  |b cr  |2 rdacarrier 
500 |a Anonymous. By John Toland. 
500 |a Text continuous despite pagination. 
500 |a Reproduction of original from the British Library. 
510 4 |a Kress,  |c 2327 
510 4 |a English Short Title Catalog,  |c ESTCT95844. 
533 |a Electronic reproduction.  |b Farmington Hills, Mich. :  |c Thomson Gale,  |d 2003.  |n Available via the World Wide Web.  |n Access limited by licensing agreements  |7 s2003 miunns 
500 |a Electronic resource. 
830 0 |a Eighteenth century collections online. 
856 4 0 |u http://proxy.library.tamu.edu/login?url=https://galenet.galegroup.com/servlet/ECCO?c=1&stp=Author&ste=11&af=BN&ae=T095844&tiPG=1&dd=0&dc=flc&docNum=CW103979645&vrsn=1.0&srchtp=a&d4=0.33&n=10&SU=0LRL+OR+0LRI&locID=txshracd2898  |z Full text online  |t 0 
999 |a MARS 
999 f f |s 4ae8d958-8913-3a03-9802-88e68510f197  |i 84899a18-9997-38b9-96eb-2a4b709b265f  |t 0 
952 f f |a Texas A&M University  |b College Station  |c Electronic Resources  |s www_evans  |d Available Online  |t 0  |h No information provided 
998 f f |t 0  |l Available Online